Libro de resúmenes: XXXIV Congreso Anual Sociedad Chilena de Producción Animal A.G

-д хадгалсан:
Номзүйн дэлгэрэнгүй
Байгууллагын зохиогч: SOCHIPA (Зохиогч)
Формат: Ном
Хэл сонгох:испани
Хэвлэсэн: Pucón Sochipa 2009
Pucón Universidad Católica de Temuco 2009
Нөхцлүүд:
Шошгууд: Шошго нэмэх
Шошго байхгүй, Энэхүү баримтыг шошголох эхний хүн болох!

MARC

LEADER 00000nam a2200000 a 4500
001 UCG0299
003 CL-VaPUC
005 20220316104712.0
008 100318e20090000cl 1 spa d
999 |c 384494  |d 384492 
040 |c Pontificia Universidad Católica de Valparaíso 
044 |a cl  |2 marc 
044 |a cl  |2 marc 
082 0 4 |a 636.082  |b SOC  |2 21 
110 2 |a SOCHIPA  |e author  |9 621511 
245 1 0 |a Libro de resúmenes: XXXIV Congreso Anual Sociedad Chilena de Producción Animal A.G 
260 |a Pucón  |b Sochipa  |c 2009 
260 |a Pucón  |b Universidad Católica de Temuco  |c 2009 
300 |a 273 p 
518 |p Congreso Anual Sociedad Chilena Producción Animal, 34, Pucón, 21 al 23 de octubre de 2009 
536 |a Sochipa 
546 |a En Español 
583 |a last modification  |c 20190910 11:20:27  |k Rodrigo Vera 
650 0 7 |a PRADERAS  |2 CL-VaPUC  |9 264231 
650 0 7 |a FORRAJE  |2 CL-VaPUC  |9 269525 
650 0 7 |a PASTOREO  |2 CL-VaPUC  |9 621512 
650 0 7 |a GANADO BOVINO  |2 CL-VaPUC  |9 402898 
650 0 7 |a BOVINOS  |2 CL-VaPUC  |9 621513 
650 0 0 |a Congresos  |9 257560 
942 |c BK  |2 ddc 
945 |a rbrito  |d 20100318 00:00:00